000 00303nam a22001337a 4500
008 170221b xxu||||| |||| 00| 0 eng d
020 _a9780071410922
041 _aeng
080 _29TH
_a615
100 _a5
101 _aSHF
245 _aBASIC & CLINICAL PHARMACOLOGY
_cKATZUNG, B.G
942 _2udc
_cBK
999 _c5945
_d5945